[Event "V Sarkany-Aranytiz IM"]
[Site "Budapest HUN"]
[Date "2014.08.20"]
[Round "5.4"]
[White "Juhasz, Armin"]
[Black "Gumanny, Evgeny"]
[Result "1/2-1/2"]
[WhiteElo "2254"]
[BlackElo "2166"]
[WhiteFideId "724270"]
[BlackFideId "2811995"]
[EventDate "2014.08.16"]

1. d4 Nf6 2. Nf3 e6 3. e3 b6 4. c4 Bb4+ 5. Nc3 Ne4 6. Qc2 Bxc3+ 7. bxc3 Bb7 8.
Bd3 f5 9. O-O d6 10. Ne1 O-O 11. f3 Nf6 12. e4 fxe4 13. fxe4 e5 14. Nf3 Nbd7 15.
Bg5 Qe7 16. Rae1 Qe6 17. Qe2 Kh8 18. Nd2 h6 19. Bh4 g5 20. Bg3 Nh7 21. Rf5 Rf6
22. Ref1 exd4 23. cxd4 Rxf5 24. Rxf5 Rf8 25. Rxf8+ Nhxf8 26. h4 Kg7 27. hxg5
hxg5 28. Nf3 Qg4 29. Kf2 Ng6 30. Nh2 Qe6 31. Nf3 g4 32. Nh4 Nxh4 33. Bxh4 Nf6
34. e5 dxe5 35. d5 Qe7 36. Qe3 Ne4+ 37. Qxe4 Qxh4+ 38. Kg1 Qh5 39. Be2 Bc8 40.
Qe3 Qf5 41. Qa3 Qg5 42. Kf2 Qf4+ 43. Kg1 Qg5 1/2-1/2

[Event "V Sarkany-Aranytiz IM"]
[Site "Budapest HUN"]
[Date "2014.08.20"]
[Round "5.5"]
[White "Musaev, Rasul"]
[Black "Farago, Sandor"]
[Result "1-0"]
[WhiteTitle "FM"]
[BlackTitle "IM"]
[WhiteElo "2292"]
[BlackElo "2250"]
[WhiteFideId "24146870"]
[BlackFideId "701190"]
[EventDate "2014.08.16"]

1. e4 c5 2. Nf3 e6 3. d4 cxd4 4. Nxd4 a6 5. Nc3 Nc6 6. Be3 Nf6 7. Qd2 Bb4 8. f3
d5 9. Nxc6 bxc6 10. a3 Ba5 11. Rd1 O-O 12. Be2 Bb7 13. O-O e5 14. b4 Bc7 15. Bg5
Bb6+ 16. Kh1 Bd4 17. Na4 dxe4 18. c3 exf3 19. Bxf6 fxg2+ 20. Kxg2 c5+ 21. Bf3 e4
22. Bxd8 exf3+ 23. Kg3 Raxd8 24. cxd4 cxd4 25. Nc5 Ba8 26. Qf4 1-0

[Event "V Sarkany-Aranytiz IM"]
[Site "Budapest HUN"]
[Date "2014.08.21"]
[Round "6.1"]
[White "Lyell, Mark"]
[Black "Farago, Sandor"]
[Result "1/2-1/2"]
[WhiteTitle "FM"]
[BlackTitle "IM"]
[WhiteElo "2202"]
[BlackElo "2250"]
[WhiteFideId "402354"]
[BlackFideId "701190"]
[EventDate "2014.08.16"]
[EventType "tourn"]

1. e4 c6 2. Nc3 d5 3. Nf3 Nf6 4. e5 Ne4 5. d4 Bg4 6. h3 Bh5 7. e6 fxe6 8. g4
Nxc3 9. bxc3 Bf7 10. Ng5 Bg8 11. Bd3 Nd7 12. Qe2 e5 13. dxe5 e6 14. O-O Nc5 15.
f4 Be7 16. Be3 Nxd3 17. cxd3 h6 18. Nf3 c5 19. f5 Qc7 20. c4 d4 21. Bf4 O-O-O
22. Nd2 Rf8 23. Bh2 Bg5 24. Ne4 Be3+ 25. Kg2 Qc6 26. Qf3 h5 27. Rab1 b6 28. Nd6+
Kd7 29. Qxc6+ Kxc6 30. Bf4 hxg4 31. hxg4 Bxf4 32. Rxf4 g6 33. f6 g5 34. Rf2 Rh4
35. Kg3 Bh7 36. Rd1 Kd7 37. Rh2 Rxh2 38. Kxh2 Bg6 39. Kg3 Rh8 40. a4 Kc6 41. Rd2
a6 42. Rd1 Kc7 43. Rd2 Kc6 44. Kf2 Kd7 45. Kg3 Kc6 46. Kf2 Rh2+ 47. Ke1 Rh1+ 48.
Kf2 Kd7 49. Kg2 Rh8 50. Kg3 Kc6 51. Rd1 1/2-1/2

[Event "V Sarkany-Aranytiz IM"]
[Site "Budapest HUN"]
[Date "2014.08.21"]
[Round "6.2"]
[White "Gumanny, Evgeny"]
[Black "Musaev, Rasul"]
[Result "0-1"]
[BlackTitle "FM"]
[WhiteElo "2166"]
[BlackElo "2292"]
[WhiteFideId "2811995"]
[BlackFideId "24146870"]
[EventDate "2014.08.16"]
[EventType "tourn"]

1. d4 g6 2. Nf3 Bg7 3. c4 c5 4. Nc3 d6 5. e4 Qa5 6. Be2 Bg4 7. Be3 Nc6 8. d5
Bxf3 9. gxf3 Nd4 10. O-O f5 11. Bxd4 Bxd4 12. exf5 gxf5 13. f4 O-O-O 14. Bd3 Rf8
15. Qe2 Bxc3 16. bxc3 Qxc3 17. Rab1 Kb8 18. Rb3 Qg7+ 19. Kh1 Rc8 20. Bxf5 Rc7
21. Qe6 Nf6 22. Rg1 Qf8 23. Rg5 h6 24. Rg6 Nh5 25. Qe4 a6 26. a4 Nf6 27. Qg2 Nh5
28. Qg4 Nf6 29. Qh3 h5 30. Ra3 Qf7 31. Rg5 b6 32. Be6 Qh7 33. f5 Qh6 34. Qe3 Ng4
35. Qf4 Nxf2+ 36. Kg2 Ne4 37. h4 Nf6 38. Kf3 Ka7 39. Ra1 Ng4 40. Re1 Qf6 41.
Rxg4 hxg4+ 42. Qxg4 Rxh4 0-1

[Event "V Sarkany-Aranytiz IM"]
[Site "Budapest HUN"]
[Date "2014.08.21"]
[Round "6.3"]
[White "Juhasz, Kristof"]
[Black "Juhasz, Armin"]
[Result "1/2-1/2"]
[WhiteTitle "FM"]
[WhiteElo "2348"]
[BlackElo "2254"]
[WhiteFideId "738808"]
[BlackFideId "724270"]
[EventDate "2014.08.16"]
[EventType "tourn"]

1. c4 Nf6 2. d4 c5 3. d5 b5 4. Nf3 b4 5. a3 g6 6. axb4 cxb4 7. e4 Nxe4 8. Qd4
Nf6 9. Rxa7 Rxa7 10. Qxa7 Na6 11. Be3 d6 12. Be2 Bg7 13. Nbd2 Qd7 14. Qb6 Qb7
15. Qc6+ Nd7 16. Nd4 O-O 17. O-O Ndc5 18. Ra1 Qb8 19. Qb5 Qc7 20. Qc6 Qb8 21.
Qb5 Qc7 22. Qc6 Qb8 23. Qb5 Qc7 1/2-1/2

[Event "V Sarkany-Aranytiz IM"]
[Site "Budapest HUN"]
[Date "2014.08.21"]
[Round "6.5"]
[White "Kovacs, Istvan2"]
[Black "Jovanovic, Dusan D"]
[Result "0-1"]
[BlackTitle "IM"]
[WhiteElo "2209"]
[BlackElo "2412"]
[WhiteFideId "701890"]
[BlackFideId "928364"]
[EventDate "2014.08.16"]
[EventType "tourn"]

1. c4 e6 2. Nf3 Nf6 3. d4 Bb4+ 4. Nc3 b6 5. e3 Bb7 6. Bd3 O-O 7. O-O Bxc3 8.
bxc3 d6 9. Qe2 Ne4 10. Ne1 f5 11. f3 Ng5 12. e4 fxe4 13. fxe4 Rxf1+ 14. Kxf1 Nd7
15. Kg1 Qf6 16. Qg4 Rf8 17. Be3 Nxe4 18. Nf3 Qf5 19. Qh4 Ndf6 20. Ng5 h6 21.
Nxe4 Bxe4 22. Rf1 Qg6 0-1

[Event "V Sarkany-Aranytiz IM"]
[Site "Budapest HUN"]
[Date "2014.08.22"]
[Round "7.1"]
[White "Jovanovic, Dusan D"]
[Black "Lyell, Mark"]
[Result "1-0"]
[WhiteTitle "IM"]
[BlackTitle "FM"]
[WhiteElo "2412"]
[BlackElo "2202"]
[WhiteFideId "928364"]
[BlackFideId "402354"]
[EventDate "2014.08.16"]
[EventType "tourn"]

1. Nf3 f5 2. g3 Nf6 3. Bg2 e6 4. O-O Be7 5. c4 O-O 6. Nc3 d6 7. b4 Ne4 8. Bb2
Bf6 9. Rc1 Nd7 10. d4 Nxc3 11. Bxc3 Qe8 12. c5 e5 13. dxe5 dxe5 14. Qd5+ Kh8 15.
c6 bxc6 16. Qxc6 Rb8 17. Qxc7 Ba6 18. Qxa7 Bxe2 19. Rfe1 Ra8 20. Qe3 Bxf3 21.
Qxf3 e4 22. Qe2 Qe6 23. Bxf6 gxf6 24. Bh3 Ne5 25. Qh5 Qf7 26. Qxf7 Rxf7 27. Re2
Rfa7 28. Kf1 Rxa2 29. Bxf5 Rxe2 30. Kxe2 Nd3 31. Rb1 Rb8 32. b5 Nc5 33. Ke3 Rb6
34. Kd4 Na4 35. Bxe4 Rd6+ 36. Kc4 Rd2 37. b6 Nxb6+ 38. Rxb6 Rxf2 39. h4 h6 40.
Kd4 Rf1 41. Ke3 1-0

[Event "V Sarkany-Aranytiz IM"]
[Site "Budapest HUN"]
[Date "2014.08.22"]
[Round "7.2"]
[White "Galyas, Miklos"]
[Black "Kovacs, Istvan2"]
[Result "1-0"]
[WhiteTitle "IM"]
[WhiteElo "2427"]
[BlackElo "2209"]
[WhiteFideId "707244"]
[BlackFideId "701890"]
[EventDate "2014.08.16"]
[EventType "tourn"]

1. Nf3 c5 2. c4 Nc6 3. d4 cxd4 4. Nxd4 Nf6 5. Nc3 e6 6. a3 Qb6 7. Nb3 Be7 8. e4
d6 9. Be2 O-O 10. O-O Rd8 11. Be3 Qc7 12. Rc1 Qb8 13. f4 Bd7 14. Bd3 Be8 15. Qf3
b6 16. Kh1 Qb7 17. Qh3 g6 18. Nd2 Rac8 19. b4 a6 20. Nf3 h5 21. f5 Ng4 22. Ng5
Nce5 23. Be2 Nxe3 24. Qxe3 exf5 25. exf5 Bxg5 26. Qxg5 Bc6 27. Rf2 Re8 28. f6
Kh7 29. Bxh5 Nd3 30. Bxg6+ fxg6 31. Qh4+ Kg8 32. f7+ 1-0

[Event "V Sarkany-Aranytiz IM"]
[Site "Budapest HUN"]
[Date "2014.08.22"]
[Round "7.3"]
[White "Juhasz, Armin"]
[Black "Feher, Adam"]
[Result "1/2-1/2"]
[WhiteElo "2254"]
[BlackElo "2365"]
[WhiteFideId "724270"]
[BlackFideId "739081"]
[EventDate "2014.08.16"]
[EventType "tourn"]

1. d4 Nf6 2. c4 e6 3. Nf3 d5 4. Nc3 c6 5. Bg5 Nbd7 6. cxd5 exd5 7. Qc2 h6 8. Bh4
Be7 9. e3 O-O 10. Bd3 Re8 11. O-O Ne4 12. Bxe7 Qxe7 13. Rab1 Ndf6 14. Ne5 Nd6
15. b4 a6 16. Na4 Nd7 17. Nf3 Rb8 18. Nc5 Nf8 19. a4 g6 20. Ne5 1/2-1/2

[Event "V Sarkany-Aranytiz IM"]
[Site "Budapest HUN"]
[Date "2014.08.22"]
[Round "7.4"]
[White "Musaev, Rasul"]
[Black "Juhasz, Kristof"]
[Result "1/2-1/2"]
[WhiteTitle "FM"]
[BlackTitle "FM"]
[WhiteElo "2292"]
[BlackElo "2348"]
[WhiteFideId "24146870"]
[BlackFideId "738808"]
[EventDate "2014.08.16"]
[EventType "tourn"]

1. e4 c6 2. Nc3 d5 3. Nf3 Nf6 4. e5 Ne4 5. d4 Qa5 6. Bd2 Nxd2 7. Nxd2 Bf5 8. h4
h6 9. g4 Bh7 10. h5 e6 11. Nb3 Qc7 12. f4 Nd7 13. Bd3 Bxd3 14. cxd3 c5 15. dxc5
Nxc5 16. d4 Nxb3 17. Qxb3 Qb6 18. Qa4+ Qc6 19. Qxc6+ bxc6 20. Na4 Rb8 21. a3 Rb5
22. Kd2 Kd7 23. Rhc1 Be7 24. Rc3 Rhb8 25. Kc2 Rc8 26. Kd3 Rcb8 27. Kc2 Rf8 28.
f5 Rc8 29. Kd3 Rc7 30. Rac1 Ra5 31. Nc5+ Bxc5 32. Rxc5 Ra6 33. Rf1 Rb6 34. f6
gxf6 35. Rxf6 Rxb2 36. Rxf7+ Kd8 37. Rf8+ Ke7 38. Rh8 Rg2 39. Rh7+ Kd8 40. Rxh6
Rb7 41. Rh8+ Kc7 42. Rh7+ Kb8 43. Rxb7+ Kxb7 44. Rc1 Rg3+ 45. Ke2 Rxg4 46. Rh1
c5 47. h6 Rg8 48. h7 Rh8 49. dxc5 Kc6 50. Ke3 Kxc5 51. Rc1+ Kb6 52. Rh1 Kc5 1/2-1/2

[Event "V Sarkany-Aranytiz IM"]
[Site "Budapest HUN"]
[Date "2014.08.22"]
[Round "7.5"]
[White "Farago, Sandor"]
[Black "Gumanny, Evgeny"]
[Result "1-0"]
[WhiteTitle "IM"]
[WhiteElo "2250"]
[BlackElo "2166"]
[WhiteFideId "701190"]
[BlackFideId "2811995"]
[EventDate "2014.08.16"]
[EventType "tourn"]

1. e4 c5 2. Nf3 d6 3. d4 cxd4 4. Nxd4 Nf6 5. Nc3 a6 6. Bc4 e6 7. Bb3 Be7 8. Be3
O-O 9. Qe2 Qc7 10. g4 Nc6 11. Nxc6 bxc6 12. g5 Nd7 13. O-O-O d5 14. exd5 cxd5
15. Rhg1 Rd8 16. Bxd5 exd5 17. Nxd5 Qe5 18. f4 Qe6 19. f5 Qe5 20. Qf3 Bf8 21.
Bd4 Qb8 22. g6 fxg6 23. fxg6 hxg6 24. Rxg6 Ne5 25. Ne7+ Bxe7 26. Rxg7+ Kxg7 27.
Rg1+ 1-0

[Event "V Sarkany-Aranytiz IM"]
[Site "Budapest HUN"]
[Date "2014.08.23"]
[Round "8.1"]
[White "Lyell, Mark"]
[Black "Gumanny, Evgeny"]
[Result "1-0"]
[WhiteTitle "FM"]
[WhiteElo "2202"]
[BlackElo "2166"]
[WhiteFideId "402354"]
[BlackFideId "2811995"]
[EventDate "2014.08.16"]

1. e4 c5 2. Nc3 Nc6 3. Bb5 e6 4. Bxc6 bxc6 5. d3 d5 6. Nf3 Nf6 7. Qe2 Be7 8. O-O
O-O 9. b3 Re8 10. Na4 Ba6 11. c4 d4 12. Ne5 Rc8 13. Ba3 Bd6 14. f4 Qa5 15. Qe1
Qxe1 16. Raxe1 Bxe5 17. fxe5 Nd7 18. Nxc5 Nxc5 19. Bxc5 Rc7 20. b4 Bc8 21. a4
Rd8 22. Ra1 Bd7 23. Ra3 Be8 24. g4 h6 25. h4 g6 26. b5 Rb7 27. Rb1 a6 28. b6 a5
29. Bd6 Rxd6 30. exd6 e5 31. c5 g5 32. hxg5 hxg5 33. Kg2 Bd7 34. Kg3 Be6 35. Rb2 1-0

[Event "V Sarkany-Aranytiz IM"]
[Site "Budapest HUN"]
[Date "2014.08.23"]
[Round "8.2"]
[White "Juhasz, Kristof"]
[Black "Farago, Sandor"]
[Result "1-0"]
[WhiteTitle "FM"]
[BlackTitle "IM"]
[WhiteElo "2348"]
[BlackElo "2250"]
[WhiteFideId "738808"]
[BlackFideId "701190"]
[EventDate "2014.08.16"]

1. d4 Nf6 2. c4 g6 3. Nc3 Bg7 4. e4 d6 5. Nf3 O-O 6. Be2 Nbd7 7. O-O e5 8. Be3
Re8 9. d5 Ng4 10. Bg5 f6 11. Bd2 Nh6 12. Ne1 f5 13. Nd3 Nf6 14. f3 Rf8 15. Rc1
a6 16. c5 f4 17. Qb3 g5 18. Na4 Nf7 19. cxd6 Nxd6 20. Nac5 Kh8 21. Bc3 b6 22.
Ne6 Bxe6 23. dxe6 Nb5 24. Bxe5 Nh5 25. Qd5 Qe7 26. Qd7 Qxd7 27. exd7 Nd4 28. Kf2
Bxe5 29. Nxe5 c5 30. b4 cxb4 31. Rfd1 Ne6 32. Rc6 Nhg7 33. Rdd6 Nd8 34. Rc8 Nb7
35. Rxb6 Raxc8 36. dxc8=Q Rxc8 37. Rxb7 Ne6 38. Bc4 Nc5 39. Nf7+ Kg7 40. Nd6+
Nxb7 41. Nxc8 a5 42. e5 1-0

[Event "V Sarkany-Aranytiz IM"]
[Site "Budapest HUN"]
[Date "2014.08.23"]
[Round "8.3"]
[White "Feher, Adam"]
[Black "Musaev, Rasul"]
[Result "1/2-1/2"]
[BlackTitle "FM"]
[WhiteElo "2365"]
[BlackElo "2292"]
[WhiteFideId "739081"]
[BlackFideId "24146870"]
[EventDate "2014.08.16"]

1. e4 e6 2. d4 d5 3. Nd2 dxe4 4. Nxe4 Nf6 5. Nxf6+ gxf6 6. Nf3 Nc6 7. Be3 a6 8.
Qd2 b5 9. g3 Bb7 10. Bg2 Ne7 11. O-O Bg7 12. a4 Nd5 13. Ne1 O-O 14. Nd3 Re8 15.
Bh6 Bc6 16. Bxg7 Kxg7 17. Rfd1 Qd6 18. Nc5 Ne7 19. Bxc6 Qxc6 20. Qe2 Ng6 21. c3
f5 22. f3 e5 23. axb5 axb5 24. Rxa8 Rxa8 25. Qd3 f4 26. Kf2 Rd8 27. Qe4 fxg3+
28. hxg3 Qb6 29. Qf5 Qc6 30. Qe4 Qb6 31. b4 Qa7 32. Qc2 exd4 33. Rxd4 Rxd4 34.
cxd4 Qa1 35. Nb3 Qa7 36. Ke2 Qb6 37. Kf2 Qd6 38. Qd2 Qd5 39. Nc5 Ne7 40. Ne4 Nc6
41. Ke3 Qb3+ 42. Qc3 Qxc3+ 43. Nxc3 Nxb4 44. Nxb5 c6 45. Nd6 Kf6 46. Ke4 Ke6 47.
Nf5 Nd5 48. g4 Kf6 49. Nd6 1/2-1/2

[Event "V Sarkany-Aranytiz IM"]
[Site "Budapest HUN"]
[Date "2014.08.23"]
[Round "8.4"]
[White "Kovacs, Istvan2"]
[Black "Juhasz, Armin"]
[Result "1/2-1/2"]
[WhiteElo "2209"]
[BlackElo "2254"]
[WhiteFideId "701890"]
[BlackFideId "724270"]
[EventDate "2014.08.16"]

1. c4 g6 2. Nc3 Bg7 3. Nf3 c5 4. g3 Nc6 5. Bg2 d6 6. O-O Bf5 7. d3 Qd7 8. a3 Bh3
9. Rb1 Bxg2 10. Kxg2 Nf6 11. b4 b6 12. b5 Nd4 13. e3 Nxf3 14. Qxf3 O-O 15. Bd2
Ng4 16. Kg1 Ne5 17. Qe2 f5 18. a4 Qb7 19. f4 Ng4 20. Qf3 Qxf3 21. Rxf3 Bxc3 22.
Bxc3 e5 23. Re1 Rae8 24. h3 Nf6 1/2-1/2

[Event "V Sarkany-Aranytiz IM"]
[Site "Budapest HUN"]
[Date "2014.08.23"]
[Round "8.5"]
[White "Jovanovic, Dusan D"]
[Black "Galyas, Miklos"]
[Result "1/2-1/2"]
[WhiteTitle "IM"]
[BlackTitle "IM"]
[WhiteElo "2412"]
[BlackElo "2427"]
[WhiteFideId "928364"]
[BlackFideId "707244"]
[EventDate "2014.08.16"]

1. Nf3 d5 2. c4 c6 3. b3 Nf6 4. g3 Bg4 5. Bg2 e6 6. Bb2 Nbd7 7. O-O Bd6 8. d3
O-O 9. Nbd2 Qe7 10. a3 a5 11. Qc2 1/2-1/2

[Event "V Sarkany-Aranytiz IM"]
[Site "Budapest HUN"]
[Date "2014.08.24"]
[Round "9.1"]
[White "Galyas, Miklos"]
[Black "Lyell, Mark"]
[Result "1-0"]
[WhiteTitle "IM"]
[BlackTitle "FM"]
[WhiteElo "2427"]
[BlackElo "2202"]
[WhiteFideId "707244"]
[BlackFideId "402354"]
[EventDate "2014.08.16"]

1. Nf3 d5 2. g3 Nc6 3. Bg2 e5 4. d3 f6 5. a3 Be6 6. b4 Qd7 7. Nbd2 O-O-O 8. e4
Nge7 9. b5 Na5 10. a4 Kb8 11. Bb2 dxe4 12. Nxe4 Nd5 13. O-O Bh3 14. Bxh3 Qxh3
15. c4 Nb4 16. Bc3 Nxd3 17. Bxa5 Bb4 18. Qe2 Bxa5 19. Rfd1 Nb4 20. Nc5 b6 21.
Nb3 Rd7 22. Rxd7 Qxd7 23. Rd1 Qc8 24. Nxa5 bxa5 25. Nd2 c5 26. Nb3 Qc7 27. Qe4
g6 28. Nxa5 f5 29. Qe3 e4 30. Nb3 Rc8 31. Qc3 Rd8 32. Rxd8+ Qxd8 33. Qe5+ Ka8
34. Kg2 Nd3 35. Qe6 Qc7 36. Na5 Ne5 37. Qg8+ Qb8 38. Qd5+ 1-0

[Event "V Sarkany-Aranytiz IM"]
[Site "Budapest HUN"]
[Date "2014.08.24"]
[Round "9.2"]
[White "Juhasz, Armin"]
[Black "Jovanovic, Dusan D"]
[Result "1/2-1/2"]
[BlackTitle "IM"]
[WhiteElo "2254"]
[BlackElo "2412"]
[WhiteFideId "724270"]
[BlackFideId "928364"]
[EventDate "2014.08.16"]

1. Nf3 Nf6 2. c4 b6 3. g3 Bb7 4. Bg2 e6 5. O-O g6 6. b3 Bg7 7. Bb2 O-O 8. Nc3 d6
9. Qc2 Nc6 10. d4 Re8 11. Rad1 Qc8 12. e4 Nd7 13. Qb1 e5 14. d5 Ne7 15. a3 Qd8
16. Qc2 h6 17. b4 Bc8 18. Na4 f5 19. Nd2 f4 20. c5 b5 21. Nc3 a6 22. cxd6 cxd6
23. a4 Nb6 24. Ra1 fxg3 25. hxg3 Bd7 26. axb5 axb5 27. Rxa8 Nxa8 28. Ndb1 Qb6 1/2-1/2

[Event "V Sarkany-Aranytiz IM"]
[Site "Budapest HUN"]
[Date "2014.08.24"]
[Round "9.3"]
[White "Musaev, Rasul"]
[Black "Kovacs, Istvan2"]
[Result "1/2-1/2"]
[WhiteTitle "FM"]
[WhiteElo "2292"]
[BlackElo "2209"]
[WhiteFideId "24146870"]
[BlackFideId "701890"]
[EventDate "2014.08.16"]

1. Nf3 Nf6 2. g3 g6 3. Bg2 Bg7 4. O-O O-O 5. d3 c5 6. Nbd2 d5 7. c4 Nc6 8. a3 d4
9. Rb1 a5 10. Ne4 Nxe4 11. dxe4 e5 12. Ne1 Be6 1/2-1/2

[Event "V Sarkany-Aranytiz IM"]
[Site "Budapest HUN"]
[Date "2014.08.24"]
[Round "9.4"]
[White "Farago, Sandor"]
[Black "Feher, Adam"]
[Result "1-0"]
[WhiteTitle "IM"]
[WhiteElo "2250"]
[BlackElo "2365"]
[WhiteFideId "701190"]
[BlackFideId "739081"]
[EventDate "2014.08.16"]

1. e4 e5 2. Nf3 Nc6 3. Bb5 a6 4. Ba4 Nf6 5. d3 b5 6. Bb3 Bc5 7. Bg5 h6 8. Bh4 g5
9. Bg3 d6 10. c3 Bb6 11. Nbd2 Bd7 12. Nf1 Nh5 13. Qd2 g4 14. Nh4 Qg5 15. Ne3 Ne7
16. O-O-O O-O-O 17. d4 Rhf8 18. Rhe1 Kb8 19. dxe5 dxe5 20. Kb1 Bc6 21. Nd5 Nf4
22. Qc2 Nexd5 23. exd5 Bd7 24. Ka1 Bc8 25. f3 h5 26. c4 Rfe8 27. c5 Ba5 28. Rf1
gxf3 29. Nxf3 Qg6 30. Qxg6 Nxg6 31. h3 f5 32. d6 f4 33. Bf7 fxg3 34. Bxg6 cxd6
35. Bxe8 Rxe8 36. cxd6 Bd7 37. Rd5 e4 38. Ne5 Be6 39. d7 Rg8 40. Rd6 Bxh3 41.
gxh3 e3 42. d8=Q+ Bxd8 43. Rxd8+ Rxd8 44. Nc6+ Kc7 45. Nxd8 Kd6 46. Nf7+ Kd5 47.
Ng5 e2 48. Re1 g2 49. Nf3 Ke4 50. Ng1 Kf4 51. Rxe2 Kg3 52. Re1 1-0